000 00739nam a2200253Ia 4500
003 OSt
005 20220918230853.0
006 a|||||r|||| 00| 0
007 ta
008 220917b |||||||| |||| 00| 0 eng d
024 _a261,202
037 _cTextual
040 _aARTS
_cARTS
_beng
041 _2eng
_aeng
082 _aW,8.1(Y:4), N4
100 _aJain R B Ed.
_942590
245 0 _aStructural adjustment, public policy and bureaucracy in developing societies
260 _aNew Delhi
_bHar-Anand Publications
_c1994
300 _a424p.
_ccm.
650 _aQ
_9153436
700 _a Bongartz Heinz
_9153437
942 _hW,8.1(Y:4), N4
_cTEXL
_2CC
999 _c289195
_d289195